Giáo trình tiếng Trung Quốc : trình độ trung cấp. t.II, CD 5/6

محفوظ في:
التفاصيل البيبلوغرافية
التنسيق: قرص مضغوط
اللغة:Chinese
منشور في: Tp. Hồ Chí Minh : Tổng hợp, 2009.
سلاسل:BRIDGE.
الوسوم: إضافة وسم
لا توجد وسوم, كن أول من يضع وسما على هذه التسجيلة!
Thư viện lưu trữ: Thư viện Trường Đại học Đà Lạt
LEADER 00705nam a2200289 4500
001 DLU090074902
005 ##20090617
040 # # |a DLU  |b vie 
041 # # |a chi 
044 # # |a vn 
082 # # |a 495.18  |b Gia 
245 # # |a Giáo trình tiếng Trung Quốc :  |b trình độ trung cấp.  |n t.II,  |p CD 5/6   |h [Đĩa CD-ROM] 
256 # # |a 4 3/4 in. 
260 # # |a Tp. Hồ Chí Minh :  |b Tổng hợp,  |c 2009. 
300 # # |a 1 đĩa CD-ROM ;  |c 4 3/4 in. 
490 # # |a BRIDGE. 
923 # # |a 8/2009 
990 # # |a t.II 
992 # # |a 0 
994 # # |a DLU 
900 # # |a True 
911 # # |a Nguyễn Thanh Hương 
925 # # |a CD 
926 # # |a A 
927 # # |a CD 
980 # # |a Thư viện Trường Đại học Đà Lạt